00504 a2200121 4500001001000000005001700010008004100027245015500068100002100223700003700244700003400281773006700315ART_4732120260410162006.0260409a 10aAsunción de riesgos y hecho del damnificado en el Código Civil y Comercial de la Nación ¿Limitaciones en la antijuridicidad o en la causalidad?1 aTanzi, Silvia Y.1 aLamanna Guiñazú, Emiliano C.1 aFossaceca, Carlos Alberto (h)0 tTemas de derecho civilg- Año 4, N° 8 (ago. 2018)wREV34778